Welcome to CU Library Online Public Access Catalogue (OPAC)

Pediatric nursing care / (Record no. 4187)

MARC details
000 -LEADER
fixed length control field 00520pam a2200181 a 4500
001 - CONTROL NUMBER
control field 2911277
005 - DATE AND TIME OF LATEST TRANSACTION
control field 20250223131729.0
008 - FIXED-LENGTH DATA ELEMENTS--GENERAL INFORMATION
fixed length control field 881017s1990 nyua b 001 0 eng
020 ## - INTERNATIONAL STANDARD BOOK NUMBER
International Standard Book Number 0801660580 :
Terms of availability $47.95
050 00 - LIBRARY OF CONGRESS CALL NUMBER
Classification number RJ245
Item number .P418 1990
082 00 - DEWEY DECIMAL CLASSIFICATION NUMBER
Classification number 610.73/62
Edition information 19
245 00 - TITLE STATEMENT
Title Pediatric nursing care /
Statement of responsibility, etc. Gladys M. Scipien ... [et al.].
260 ## - PUBLICATION, DISTRIBUTION, ETC.
Place of publication, distribution, etc. St. Louis :
Name of publisher, distributor, etc. C.V. Mosby,
Date of publication, distribution, etc. 1990.
300 ## - PHYSICAL DESCRIPTION
Extent xv, 860 p. :
Other physical details ill. ;
Dimensions 28 cm.
650 #0 - SUBJECT ADDED ENTRY--TOPICAL TERM
Topical term or geographic name entry element Pediatric nursing.
700 1# - ADDED ENTRY--PERSONAL NAME
Personal name Scipien, Gladys M.
942 ## - ADDED ENTRY ELEMENTS (KOHA)
Source of classification or shelving scheme Library of Congress Classification
Koha item type Books
Suppress in OPAC No
999 ## -
-- 4187
-- 4187
Holdings
Withdrawn status Lost status Source of classification or shelving scheme Damaged status Not for loan Collection Home library Current library Shelving location Date acquired Total checkouts Full call number Barcode Date last seen Copy number Price effective from Koha item type
    Library of Congress Classification     Non-fiction Science Library (Miotso) Science Library (Miotso) General stacks 02/23/2025   RJ245 .P418 PED SLM00003809 02/23/2025 1 02/23/2025 Books
© 2023-2024 Copyright: Central University Libraries. All Rights Reserved | Created by: Mahone Tech Office